| 000 | 00932 a2200193 4500 | ||
|---|---|---|---|
| 003 | Nust | ||
| 005 | 20221128093314.0 | ||
| 040 | _cNust | ||
| 082 | _a530,RIC | ||
| 100 |
_aRichtmyer, F. K. _9103651 |
||
| 245 |
_aIntroduction to modern physics / _cF. K. Richtmyer, E. H. Kennard & John N. Cooper |
||
| 250 | _a5th ed. | ||
| 260 |
_aNew York _bMcGraw-Hill _c1969 |
||
| 300 | _axvi, 767 p. | ||
| 505 | _aHistorical Sketch (Page-1), The Theory of Relativity (Page-49), Electrons and the Photoelectric Effect (Page-77), The Origin of the Quantum Theory (Page-106), The Nuclear Atom and the Origin of Spectral Lines (Page-133), Wave Mechanics (Page-172), Atomic Structure and Optical Spectra (Page-224), X-Rays (Page-345), Wave Mechanics of Matter in Bulk (Page-405), The Nucleus (Page-431), Cosmic Rays and Fundamental Particles (Page-555). | ||
| 650 | _aPhysics. | ||
| 700 |
_aKennard, E. H. _9103652 |
||
| 942 |
_2ddc _cBK _k530,RIC |
||
| 999 |
_c180570 _d180570 |
||